Microeconomic theory : (Record no. 347949)

000 -LEADER
fixed length control field 01199 a2200181 4500
020 ## - INTERNATIONAL STANDARD BOOK NUMBER
International Standard Book Number 0030335930 (hardcover)
020 ## - INTERNATIONAL STANDARD BOOK NUMBER
International Standard Book Number 9780030335938 (hardcover)
082 04 - DEWEY DECIMAL CLASSIFICATION NUMBER
Classification number 338.5
090 ## - LOCALLY ASSIGNED LC-TYPE CALL NUMBER (OCLC); LOCAL CALL NUMBER (RLIN)
-- 5545
-- 5545
100 1# - MAIN ENTRY--PERSONAL NAME
Personal name Nicholson, Walter.
245 10 - TITLE STATEMENT
Title Microeconomic theory :
Remainder of title basic principles and extensions /
Statement of responsibility, etc. Walter Nicholson.
250 ## - EDITION STATEMENT
Edition statement 8th ed.
260 ## - PUBLICATION, DISTRIBUTION, ETC.
Place of publication, distribution, etc. [S.l.] :
Name of publisher, distributor, etc. South-Western College Pub,
Date of publication, distribution, etc. 2001.
300 ## - PHYSICAL DESCRIPTION
Extent 768 p. ;
Dimensions 27 cm.
520 ## - SUMMARY, ETC.
Summary, etc. Applauded for providing the most clear and accurate presentation of advanced microeconomic concepts, Walter Nicholson brings us Microeconomic Theory: Basic Principles and Extensions, 8e . It gives readers the opportunity to work directly with theoretical tools, real-world applications, and cutting edge developments in the study of microeconomics. Reviewers exclaim, "Nicholson’s text is solid, rigorous and comprehensive. It is sensibly challenging for students, best serving students with a mathematics background, and absolutely essential for those who are preparing for graduate studies in economics.
856 ## - ELECTRONIC LOCATION AND ACCESS
Materials specified Amazon.com
Uniform Resource Identifier <a href="http://www.amazon.com/exec/obidos/ASIN/0030335930/chopaconline-2">http://www.amazon.com/exec/obidos/ASIN/0030335930/chopaconline-2</a>
942 ## - ADDED ENTRY ELEMENTS (KOHA)
Institution code [OBSOLETE] NBS
Koha item type Book
Call number prefix 338.5 NIC
Holdings
Withdrawn status Lost status Damaged status Not for loan Permanent Location Current Location Date acquired Total Checkouts Full call number Barcode Checked out Date last seen Date last checked out Price effective from Koha item type Total Renewals
        Central Library (CL) Central Library (CL) 08/28/2013 4 338.5 NIC NBS6596 11/03/2018 10/04/2018 10/04/2018 08/28/2013 Book  
        Central Library (CL) Central Library (CL) 08/28/2013 4 338.5 NIC NBS7940   11/25/2021 10/26/2021 08/28/2013 Book 1
© 2023 Central Library, National University of Sciences and Technology. All Rights Reserved.